Ultimate Gryffindor Quidditch Team Quiz - Statistics

General Stats
  • This quiz has been taken 22 times
  • The average score is 12 of 20
Answer Stats
Role Name % Correct
Seeker Harry Potter
100%
Beater Fred Weasley
95%
Beater George Weasley
95%
Seeker/Chaser Ginny Weasley
95%
Keeper Oliver Wood
89%
Keeper Ron Weasley
89%
Chaser Angelina Johnson
84%
Chaser Katie Bell
84%
Chaser Alicia Spinnet
79%
Chaser James Potter
68%
Keeper Cormac McLaggen
58%
Chaser Demelza Robins
53%
Chaser Dean Thomas
47%
unknown M. G. McGonagall
47%
Beater Jack Sloper
37%
Beater Ritchie Coote
37%
Beater Andrew Kirke
32%
Beater Jimmy Peakes
26%
Seeker Charles Weasley
16%
unknown R. J. H. King
11%
No matching quizzes found
Score Distribution
Percent of People with Each Score
Percentile by Number Answered
Your Score History
You have not taken this quiz